<?xml version="1.0" encoding="UTF-8"?><?xml-stylesheet type="text/xsl" href="static/style.xsl"?><OAI-PMH xmlns="http://www.openarchives.org/OAI/2.0/" xmlns:xsi="http://www.w3.org/2001/XMLSchema-instance" xsi:schemaLocation="http://www.openarchives.org/OAI/2.0/ http://www.openarchives.org/OAI/2.0/OAI-PMH.xsd"><responseDate>2026-06-30T03:14:05Z</responseDate><request verb="GetRecord" identifier="oai:docta.ucm.es:20.500.14352/101106" metadataPrefix="marc">https://docta.ucm.es/rest/oai/request</request><GetRecord><record><header><identifier>oai:docta.ucm.es:20.500.14352/101106</identifier><datestamp>2025-03-18T13:43:11Z</datestamp><setSpec>com_20.500.14352_14</setSpec><setSpec>col_20.500.14352_15</setSpec></header><metadata><record xmlns="http://www.loc.gov/MARC21/slim" xmlns:dcterms="http://purl.org/dc/terms/" xmlns:xsi="http://www.w3.org/2001/XMLSchema-instance" xmlns:doc="http://www.lyncode.com/xoai" xsi:schemaLocation="http://www.loc.gov/MARC21/slim http://www.loc.gov/standards/marcxml/schema/MARC21slim.xsd">
   <leader>00925njm 22002777a 4500</leader>
   <datafield ind2=" " ind1=" " tag="042">
      <subfield code="a">dc</subfield>
   </datafield>
   <datafield ind2=" " ind1=" " tag="720">
      <subfield code="a">Prieto Martínez, Julio</subfield>
      <subfield code="e">author</subfield>
   </datafield>
   <datafield ind2=" " ind1=" " tag="260">
      <subfield code="c">2005</subfield>
   </datafield>
   <datafield ind2=" " ind1=" " tag="520">
      <subfield code="a">«Al fondo de la literatura mala, para encontrar  la buena, o la nueva, o la bue-na  nueva»  (1995:  29).  En  esta  peculiar  versión  del  famoso verso  final de  Les  fleurs  du  mal (1857)  César Aira sitúa su proyecto narrativo no sólo en lo que Oc-tavio  Paz  llamara  la  «tradición  de  la  ruptura»  (1990:  17)  sino  en  una  tradición  dentro  de  esa tradición  que  arraiga  con  particular  vigor  en  el  Rio  de  la  Plata:  aquélla  que  promueve  la  práctica  de  una  «mala»  escritura  como  el modo  más  certero de llegar a lo nuevo. En sus manifestaciones más radicales, por la contra-cara de lo nuevo,  esa tradición  se da como proyecto de salida de la institución  li-teraria —como derogación de la «autonomía»  artística (ibíd.: 47) que Peter  Bür-ger  destacara  como  uno  de  los  rasgos distintivos  de  las prácticas  vanguardistas.  En  efecto, el lema de Aira no  sólo  reformula a Baudelaire sino también,  y sobre todo,  parafrasea  a Macedonio  Fernández,  cuyo  proyecto  de  la  «última  novela  mala» y «primera  novela buena»  (4, 91) inaugura en  las letras argentinas una  tradición  de  escritura  que  se podría  resumir  en  la combinación  de  las cifras «van-guardia» y «mala  literatura».</subfield>
   </datafield>
   <datafield ind1="8" ind2=" " tag="024">
      <subfield code="a">Prieto, Julio. "4. Vanguardia y mala literatura". De la sombrología: Seis comienzos en busca de Macedonio Fernández, Frankfurt a. M., Madrid: Vervuert Verlagsgesellschaft, 2010, pp. 99-114. https://doi.org/10.31819/9783964561718-006</subfield>
   </datafield>
   <datafield ind1="8" ind2=" " tag="024">
      <subfield code="a">0981-6453</subfield>
   </datafield>
   <datafield ind1="8" ind2=" " tag="024">
      <subfield code="a">10.31819/9783964561718-006</subfield>
   </datafield>
   <datafield ind1="8" ind2=" " tag="024">
      <subfield code="a">https://hdl.handle.net/20.500.14352/101106</subfield>
   </datafield>
   <datafield ind1="8" ind2=" " tag="024">
      <subfield code="a">https://doi.org/10.31819/9783964561718-006</subfield>
   </datafield>
   <datafield ind2="0" ind1="0" tag="245">
      <subfield code="a">Vanguardia y mala literatura: de Macedonio a César Aira</subfield>
   </datafield>
</record></metadata></record></GetRecord></OAI-PMH>